Womanlaw, a guide to legal matters vital to women / (Record no. 7603)

MARC details
000 -LEADER
fixed length control field 00594cam a2200193 a 4500
001 - CONTROL NUMBER
control field 1842456
003 - CONTROL NUMBER IDENTIFIER
control field NG-AbAUS
005 - DATE AND TIME OF LATEST TRANSACTION
control field 20230319005604.0
008 - FIXED-LENGTH DATA ELEMENTS--GENERAL INFORMATION
fixed length control field 810520s1981 nju 001 0 eng
020 ## - INTERNATIONAL STANDARD BOOK NUMBER
International Standard Book Number 0139618546
020 ## - INTERNATIONAL STANDARD BOOK NUMBER
International Standard Book Number 0139618473 (pbk.)
040 ## - CATALOGING SOURCE
Original cataloging agency DLC
Transcribing agency DLC
Modifying agency DLC
082 00 - DEWEY DECIMAL CLASSIFICATION NUMBER
Classification number 346.7301/34
-- 347.306134
Edition number 19
100 1# - MAIN ENTRY--PERSONAL NAME
Personal name Hemphill, Anita M.
9 (RLIN) 594
245 10 - TITLE STATEMENT
Title Womanlaw, a guide to legal matters vital to women /
Statement of responsibility, etc Anita M. Hemphill, Charles F. Hemphill, Jr.
260 ## - PUBLICATION, DISTRIBUTION, ETC. (IMPRINT)
Place of publication, distribution, etc Englewood Cliffs, N.J. :
Name of publisher, distributor, etc Prentice-Hall,
Date of publication, distribution, etc c1981.
300 ## - PHYSICAL DESCRIPTION
Extent xiv, 241 p. ;
Dimensions 24 cm.
942 ## - ADDED ENTRY ELEMENTS (KOHA)
Source of classification or shelving scheme Dewey Decimal Classification
Item type Book

No items available.